00982nam a2200205Ia 4500008004100000020001500041041001200056100001500068245006000083250000800143260004000151300000800191650001100199700001500210942000700225999001700232952017100249952017300420952018300593221030s9999 xx 000 0 und d a0070612235 aEnglish aW. H. Hayt 0aEngineering Electromagneticscby W. H. Hayt, J. A. Buck a7th bMcGraw - Hill Pub.aNew Delhic2013 a582 aBB EMT aJ. A. Buck cBK c15273d15273 pBB 587g525.00i10987l0eRKBr2025-05-17 00:00:00w2022-10-30yBK003Print4070aMIETLIBbMIETLIBcBL-Academic Block B, FL-2, CUP-101, SH-2, R-2d2014-10-1410HBB pBE 13888g525.00i10987l0eRKBr2024-06-13 00:00:00w2022-10-30yBK003Print4071aMIETLIBbMIETLIBcBL-Aacdemic Block B, FL-2, CUP-153, SH-5, R-5d2014-11-0410HBE pBE 13889g525.00i10987l1eRKBr2024-06-13 00:00:00s2023-12-07w2022-10-30yBK003Print4070aMIETLIBbMIETLIBcBL-Academic Block B, FL-2, CUP-0, SH-0, R-0d2014-11-0410HBE